|
|
|
|
| LEADER |
00000nam0a2200000 4500 |
| 001 |
62459 |
| 005 |
20231101212015.0 |
| 035 |
|
|
|a (RuTPU)RU\TPU\book\66244
|
| 090 |
|
|
|a 62459
|
| 100 |
|
|
|a 20040412d1957 k y0rusy50 ca
|
| 101 |
0 |
|
|a rus
|
| 102 |
|
|
|a RU
|
| 105 |
|
|
|a a z 001zy
|
| 200 |
1 |
|
|a Анализ продуктов производства синтетического этилового спирта и синтетических каучуков
|f Министерство химической промышленности СССР. Упр. СК ОБТИП. Всесоюзный научно-исследовательский институт синтетического каучука им. С. В. Лебедева (ВНИИСК). сост. Н. А. Исакова. Сост. А. И. Гуляева. Сост. В. Ф. Поликарпова. Сост. Р. А.. Могилевская. Сост. З. К. Ремиз. Под ред. И. В. Гармоновой
|
| 210 |
|
|
|a Ленинград
|c Химиздат
|d 1957
|
| 215 |
|
|
|a 376 с.
|c ил.
|
| 610 |
1 |
|
|a этиловый спирт
|
| 610 |
1 |
|
|a продукты переработки
|
| 610 |
1 |
|
|a химический анализ
|
| 610 |
1 |
|
|a каучук синтетический
|
| 610 |
1 |
|
|a производство
|
| 610 |
1 |
|
|a химический контроль
|
| 675 |
|
|
|a 668.9
|v 3
|
| 702 |
|
1 |
|a Исакова
|b Н. А.
|4 220
|
| 702 |
|
1 |
|a Гуляева
|b А. И.
|4 220
|
| 702 |
|
1 |
|a Поликарпова
|b В. Ф.
|4 220
|
| 702 |
|
1 |
|a Могилевская
|b Р. А..
|4 220
|
| 702 |
|
1 |
|a Ремиз
|b З. К.
|4 220
|
| 702 |
|
1 |
|a Гармонова
|b И. В.
|4 340
|
| 712 |
0 |
1 |
|a Министерство химической промышленности СССР
|2 stltpush
|3 (RuTPU)RU\TPU\col\1686
|9 25007
|
| 712 |
0 |
2 |
|a Упр. СК ОБТИП
|
| 712 |
0 |
2 |
|a Всесоюзный научно-исследовательский институт синтетического каучука им. С. В. Лебедева (ВНИИСК)
|
| 801 |
|
1 |
|a RU
|b 63413507
|c 20040412
|g PSBO
|
| 801 |
|
2 |
|a RU
|b 63413507
|c 20051004
|g PSBO
|
| 942 |
|
|
|c BK
|